| 000 | 00602nam a22002177a 4500 | ||
|---|---|---|---|
| 999 |
_c8504 _d8504 |
||
| 003 | MIRAKIL | ||
| 005 | 20211005145610.0 | ||
| 008 | 211005b tu ||||| |||| 00| 0 tur d | ||
| 035 | _a19966 | ||
| 040 |
_aTR-AnCHP _btur _cTR-AnCHP |
||
| 041 | _atur | ||
| 082 |
_a370.956 _bT25n 1988 |
||
| 100 | _aTanilli, Server | ||
| 245 |
_aNasıl bir eğitim istiyoruz?/ _cServer Tanilli. |
||
| 260 |
_aİstanbul: _bAmaç Yayıncılık, _c1988. |
||
| 300 |
_a221 s.: _c20 sm. |
||
| 440 |
_aAmaç Yayıncılık _v13 |
||
| 490 |
_aEğitim Dizisi _v1. |
||
| 650 | 0 |
_aEğitim _xTürkiye _9392 _yTarih |
|
| 942 |
_2ddc _cBKS |
||